| 000 | 00770nam a22001937a 4500 | ||
|---|---|---|---|
| 005 | 20180627150948.0 | ||
| 010 | _aUR-9992 | ||
| 020 |
_c1300.00 _a- |
||
| 035 | _aU-8547 | ||
| 037 | _bDBAD/PUB | ||
| 100 | _aا ہلیہ جلا ل ا لد ین ا کبر | ||
| 245 |
_a پا نچو ا ن گا ند ھی : کلو ا کنٹلہ چند ر شیکھرر ا ؤ _cا ہلیہ جلا ل ا لد ین ا کبر |
||
| 246 |
_bPaanchwan Gandhi:Kalwa Kantla Chander Sheikher Rao _aby Jalaluddin Akbar |
||
| 260 |
_aTilangana _bW/O Jalaluddin Akbar _c2017 |
||
| 270 |
_a17-1-178/A/76,Sri NagarColony,Santosh Nagar, _bHaiderabad _e59 _k984-826-1465 _l- |
||
| 300 |
_a360ص _c22 Cm.(B.b) |
||
| 500 | _aدو حصہ | ||
| 942 |
_2ddc _cUR _h954.083 _mج ل ا |
||
| 999 |
_c148699 _d148699 |
||